书目信息 |
| 题名: |
傅斯年史学方法导论 李守常史学要论 朱希祖中国史学通论
|
|
| 作者: | 傅斯年 , 李守常 , 朱希祖 祖著 | |
| 分册: | ||
| 出版信息: | 长春 吉林人民出版社 2013.3 |
|
| 页数: | 387页 | |
| 开本: | 24cm | |
| 丛书名: | 中国学术文化名著文库 | |
| 单 册: | ||
| 中图分类: | K207-53 | |
| 科图分类: | ||
| 主题词: | 史学--Shi Xue--中国--文集 , 中国--Zhong Guo , 文集--Wen Ji | |
| 电子资源: | ||
| ISBN: | 978-7-206-08325-9 | |
| 000 | 01743nam0 22003011 450 | |
| 001 | 350216 | |
| 005 | 20161010152701.54 | |
| 010 | @a978-7-206-08325-9@dCNY48.00 | |
| 100 | @a20130620d em y0chiy0110 ea | |
| 101 | 0 | @achi |
| 102 | @aCN@b220000 | |
| 105 | @ay z 000yy | |
| 106 | @ar | |
| 200 | 1 | @a傅斯年史学方法导论 李守常史学要论 朱希祖中国史学通论@AFu Si Nian Shi Xue Fang Fa Dao Lun Li Shou Chang Shi Xue Yao Lun Zhu Xi Zu Zhong Guo Shi Xue Tong Lun@f傅斯年,李守常,朱希祖著 |
| 210 | @a长春@c吉林人民出版社@d2013.3 | |
| 215 | @a387页@d24cm | |
| 225 | 2 | @a中国学术文化名著文库@AZhong Guo Xue Shu Wen Hua Ming Zhu Wen Ku |
| 330 | @a《史学方法导论》是史料在一种意义上大致可以分做两类:一、直接的史料;二、间接的史料。凡是未经中间人手修改或省略或转写的,是直接的史料;凡是已经中间人手修改或省略或转写的,是间接的史料。自然,直接的材料是比较最可信的,间接材料因转手的缘故容易被人更改或加减;但有时某一种直接的材料也许是孤立的,是例外的,而有时间接的材料反是前人精密归纳直接材料而得的:这个都不能一概论断,要随时随地的分别着看。《史学要论》是李大钊作为一代学术大师的代表作之一和经典传世之作,阐述了什么是历史、什么是历史学、历史学的系统、史学在科学中的位置、史学与其相关学问的关系、现代史学的研究及于人生态度的影响。《中国史学通论》是在中国史学史方面最早的讲义,阐述了中国史学之起源、中国史学之派别,同时附录论文《太史公解》和《汉十二世著纪考》,具有重要的学术价值。 | |
| 461 | 0 | @12001 @a中国学术文化名著文库 |
| 606 | 0 | @a史学@AShi Xue@y中国@j文集 |
| 606 | 0 | @a中国@AZhong Guo |
| 606 | 0 | @a文集@AWen Ji |
| 690 | @aK207-53@v5 | |
| 701 | 0 | @a傅斯年@AFu Si Nian@4祖著 |
| 701 | 0 | @a李守常@ALi Shou Chang@4祖著 |
| 701 | 0 | @a朱希祖@AZhu Xi Zu@4著 |
| 801 | 0 | @aCN@bTANGWEI@c20160803 |
| 905 | @b0888905-9@dK207-53@e101@f5 | |
| 傅斯年史学方法导论 李守常史学要论 朱希祖中国史学通论/傅斯年,李守常,朱希祖著.-长春:吉林人民出版社,2013.3 |
| 387页;24cm.-(中国学术文化名著文库) |
| ISBN 978-7-206-08325-9:CNY48.00 |
| 《史学方法导论》是史料在一种意义上大致可以分做两类:一、直接的史料;二、间接的史料。凡是未经中间人手修改或省略或转写的,是直接的史料;凡是已经中间人手修改或省略或转写的,是间接的史料。自然,直接的材料是比较最可信的,间接材料因转手的缘故容易被人更改或加减;但有时某一种直接的材料也许是孤立的,是例外的,而有时间接的材料反是前人精密归纳直接材料而得的:这个都不能一概论断,要随时随地的分别着看。《史学要论》是李大钊作为一代学术大师的代表作之一和经典传世之作,阐述了什么是历史、什么是历史学、历史学的系统、史学在科学中的位置、史学与其相关学问的关系、现代史学的研究及于人生态度的影响。《中国史学通论》是在中国史学史方面最早的讲义,阐述了中国史学之起源、中国史学之派别,同时附录论文《太史公解》和《汉十二世著纪考》,具有重要的学术价值。 |
| ● |
| 相关链接 |
|
|
|
|
正题名:傅斯年史学方法导论 李守常史学要论 朱希祖中国史学通论
索取号:K207-53/101
 
预约/预借
| 序号 | 登录号 | 条形码 | 馆藏地/架位号 | 状态 | 备注 |
| 1 | 0888905 | 208889050 | 第二样本阅览室/ [索取号:K207-53/101] | 在馆 | |
| 2 | 0888906 | 208889069 | 密集书库-史法系/ [索取号:K207-53/101] | 在馆 | |
| 3 | 0888907 | 208889078 | 第二借阅区/ [索取号:K207-53/101] | 在馆 | |
| 4 | 0888908 | 208889087 | 第二借阅区/ [索取号:K207-53/101] | 在馆 | |
| 5 | 0888909 | 208889096 | 第二借阅区/ [索取号:K207-53/101] | 在馆 |